| 000 | 00638nam a2200205Ia 4500 | ||
|---|---|---|---|
| 005 | 20230629103939.0 | ||
| 008 | 131103s9999 xx 000 0 und d | ||
| 040 | _aLoreto College | ||
| 041 | _aEnglish | ||
| 082 |
_a942.061 _bTAN |
||
| 100 | _aTanner,J.R. | ||
| 245 |
_aConstitutional documents of the reign of James I _b A.D. 1603 - 1625 with an historical commentory _cJ.R.Tanner |
||
| 260 |
_aCambridge _bUniversity Press _c1960 |
||
| 300 | _axv,389 p. | ||
| 504 | _aIncludes bibliographical references and index | ||
| 650 | _aJames I, 1603 - 1625 | ||
| 651 | _aEngland - History,1603 - 1625 | ||
| 850 | _aLCLIB | ||
| 942 | _cBK | ||
| 999 |
_c8411 _d58890 |
||